| 000 | 00519nam a2200181 u 4500 | ||
|---|---|---|---|
| 005 | 20210223131615.0 | ||
| 008 | 111014s2007 mx r 000 0 spa d | ||
| 020 | _a9789685389471 | ||
| 035 | _aUPN01000182210 | ||
| 049 | _aI | ||
| 050 | 4 |
_aPZ74.3 _bC3.8 |
|
| 100 | 1 |
_aCarrera, Eduardo _931993 |
|
| 245 | 1 | 0 |
_aUniverso de palabras / _cEduardo Carrera ; il. Cecilia Varela. |
| 260 |
_aMéxico : _bEl Naranjo, _c2007. |
||
| 300 |
_a71 p. : _bil. col. |
||
| 650 | 4 |
_aPOESIA INFANTIL ARGENTINA _911596 |
|
| 905 | _aInfantil | ||
| 999 |
_c154313 _d154313 |
||